[Event "Let's Play Chess!"]
[Site "http://www.queenalice.com/game.php?id=131389"]
[Date "2006.11.19"]
[Round "-"]
[White "liquid"]
[Black "alpenny"]
[Result "0-1"]
[WhiteElo "1543"]
[BlackElo "1682"]

1. e4 e5 2. c3 Nf6 3. Qf3 g6 4. b4 Bg7 5. Bc4 c6 6. d3 b5 7. Bb3 d5 8. Nh3 h6 9.
exd5 cxd5 10. c4 Qc7 11. O-O e4 12. Qf4 Qe7 13. cxd5 Nh5 14. d6 Nxf4 15. dxe7
Nxh3+ 16. gxh3 Na6 17. Bd5 Rb8 18. Bf4 Rb6 19. Be3 Rd6 20. d4 Rxd5 21. Nc3 Rd7
22. Nxe4 Kxe7 23. a3 Bxd4 24. Bxd4 Rxd4 25. Rfe1 Be6 26. a4 Nxb4 27. axb5 Ra8
28. b6 Rd7 0-1

[Event "Arbeitsbeschäftigungsmaßnahme"]
[Site "http://www.queenalice.com/game.php?id=134437"]
[Date "2006.11.28"]
[Round "-"]
[White "liquid"]
[Black "checkmate"]
[Result "1-0"]
[WhiteElo "1643"]
[BlackElo "1361"]

1. e4 d5 2. e5 d4 3. Qf3 Be6 4. Qxb7 Nd7 5. Nf3 Nb6 6. Bb5+ Nd7 7. Nxd4 Qb8 8.
Qc6 Bg4 9. h3 Be6 10. Nxe6 fxe6 11. Qxd7+ Kf7 12. Nc3 Qb7 13. Ne4 Qxe4+ 14. Kf1
Qxe5 15. d4 Qd6 16. Qxd6 exd6 17. Bf4 Rb8 18. a4 Nf6 19. Re1 Rg8 20. h4 Nh5 21.
Bc1 Be7 22. g4 Nf6 23. g5 Nd5 24. Bc4 Bd8 25. b3 Rh8 26. Rg1 Rb4 27. Bd2 Rb6 28.
a5 Rc6 29. Bd3 Be7 30. g6+ hxg6 31. Bxg6+ Kf8 32. Rxe6 Rxh4 33. Rg5 Rxd4 34.
Rf5+ Kg8 35. c4 Rcxc4 36. bxc4 Nf6 37. Rxe7 Rxd2 38. Rxc7 Kf8 39. Rxa7 Rd4 40.
c5 Rg4 41. Bh5 Rh4 42. cxd6 Rxh5 43. Ra8+ Kf7 44. d7 Rxf5 45. d8=Q Rd5 46. Qf8+
Kg6 47. a6 Nd7 48. Qe8+ Kh6 49. Qe6+ Nf6 50. a7 Rd1+ 51. Ke2 Rd7 52. Qb6 Re7+
53. Kf1 Kg6 54. Rd8 Rxa7 55. Qxa7 Nh5 56. Rh8 Nf6 57. f4 Nh7 58. Kf2 Nf6 59. Kf3
Nd5 60. Qa6+ Kf5 61. Rh5+ g5 62. Rxg5# 1-0

[Event "We Await Silent Tristeros Empire"]
[Site "http://www.queenalice.com/game.php?id=135138"]
[Date "2006.11.30"]
[Round "-"]
[White "wolframwuttkefussballgott"]
[Black "liquid"]
[Result "0-1"]
[WhiteElo "1394"]
[BlackElo "1614"]

1. f4 e6 2. Nf3 c6 3. c3 b5 4. b4 a5 5. a3 axb4 6. cxb4 Bxb4 7. Qb3 Bc5 8. d4
Qf6 9. Qc3 Bb6 10. e3 Ne7 11. Qb3 c5 12. Qxb5 Ra6 13. Qb2 Ba5+ 14. Bd2 Rb6 15.
Bb5 Ba6 16. a4 Nbc6 17. Na3 Bxd2+ 18. Nxd2 Nb4 19. Nb3 Bxb5 20. axb5 Nd3+ 21.
Kd1 Nxb2+ 22. Kc1 Nd3+ 23. Kd2 Nb4 24. Nxc5 d6 25. Na4 Rb7 26. Rab1 Nbd5 27.
Rhc1 O-O 28. Rc6 Nxc6 29. bxc6 Ra7 30. Nb6 Rxa3 31. Nd7 Ra2+ 32. Kd3 Qf5+ 33.
Kc4 Qc2+ 34. Kb5 Qa4# 0-1

[Event "Let's Play Chess!"]
[Site "http://www.queenalice.com/game.php?id=136477"]
[Date "2006.12.3"]
[Round "-"]
[White "Ribar"]
[Black "liquid"]
[Result "1-0"]
[WhiteElo "1835"]
[BlackElo "1632"]

1. c4 d6 2. Nc3 e5 3. Nf3 Nf6 4. g3 e4 5. Ng5 h6 6. Ngxe4 Nbd7 7. Bg2 c6 8. O-O
d5 9. cxd5 Nxd5 10. Nxd5 cxd5 11. Nc3 d4 12. Nb5 Qb6 13. a4 a6 14. Na3 1-0

[Event "King Potato!"]
[Site "http://www.queenalice.com/game.php?id=136518"]
[Date "2006.12.3"]
[Round "-"]
[White "liquid"]
[Black "ender"]
[Result "0-1"]
[WhiteElo "1533"]
[BlackElo "2033"]

1. e4 d5 2. Qf3 dxe4 3. Qxe4 Nf6 4. Qf3 Nc6 5. c3 Bg4 6. Qf4 e5 7. Qe3 Qd5 8. f3
Bh5 9. c4 Qa5 10. b3 Nd4 11. Bd3 Nxb3 12. axb3 Qxa1 13. Ne2 O-O-O 0-1

[Event "Fungal Fitzgeraldo"]
[Site "http://www.queenalice.com/game.php?id=136519"]
[Date "2006.12.3"]
[Round "-"]
[White "Mikalus"]
[Black "liquid"]
[Result "1-0"]
[WhiteElo "1552"]
[BlackElo "1652"]

1. e4 e5 2. Nf3 Nc6 3. Nc3 Bc5 4. Bb5 d6 5. d4 exd4 6. Nxd4 Bd7 7. Be3 a6 8.
Bxc6 bxc6 9. O-O Nf6 10. Nf5 O-O 11. Bxc5 dxc5 12. Qf3 Rb8 13. b3 g6 14. Nh6+
Kg7 15. e5 Nd5 16. Nxd5 cxd5 17. Ng4 Rb6 18. Rfe1 d4 19. a4 a5 20. Qf4 Qh4 21.
h3 g5 22. Qe4 Re6 23. Qd5 h5 24. Nf6 1-0

[Event "AUTO-OPEN-467"]
[Site "http://www.queenalice.com/game.php?id=136566"]
[Date "2006.12.3"]
[Round "1"]
[White "liquid"]
[Black "mad_knight"]
[Result "0-1"]
[WhiteElo "1553"]
[BlackElo "1850"]

1. e4 e5 2. Na3 Nf6 3. Bd3 Bc5 4. h3 O-O 5. Nf3 Re8 6. c3 d5 7. Qe2 c6 8. O-O
Nh5 9. b4 Nf4 10. Qe1 Nxd3 11. Qe2 Nf4 12. Qe1 Nd3 13. Qe2 Nxc1 0-1

[Event "AUTO-OPEN-467"]
[Site "http://www.queenalice.com/game.php?id=136589"]
[Date "2006.12.3"]
[Round "1"]
[White "liquid"]
[Black "xmas"]
[Result "0-1"]
[WhiteElo "1597"]
[BlackElo "1431"]

1. e4 e5 2. Na3 Bxa3 3. bxa3 Nf6 4. Bc4 Nxe4 5. Qg4 Nxf2 6. Qxg7 Rf8 7. Kxf2
Qh4+ 8. g3 Qxc4 9. Qxe5+ Qe6 10. d4 Qxe5 11. dxe5 Nc6 12. Nf3 b6 13. Bf4 Bb7 14.
c3 Na5 0-1

[Event "AUTO-OPEN-467"]
[Site "http://www.queenalice.com/game.php?id=136590"]
[Date "2006.12.3"]
[Round "1"]
[White "xmas"]
[Black "liquid"]
[Result "1-0"]
[WhiteElo "1454"]
[BlackElo "1574"]

1. e4 e5 2. Nf3 Nc6 3. Bc4 Bc5 4. d3 Qf6 5. Bg5 Qd6 6. O-O h6 7. Be3 b6 8. a3 a5
9. Nc3 Nd4 10. Nd5 c6 11. Nc3 1-0

[Event "AUTO-INT-264"]
[Site "http://www.queenalice.com/game.php?id=136627"]
[Date "2006.12.3"]
[Round "1"]
[White "liquid"]
[Black "Polux"]
[Result "0-1"]
[WhiteElo "1632"]
[BlackElo "1571"]

1. e4 e5 2. Bc4 Nf6 3. Qf3 Nc6 4. Ne2 g6 5. d3 d6 6. h3 Bg7 7. Nbc3 Nb4 8. Bb3
Be6 9. Ba4+ c6 10. a3 b5 11. axb4 bxa4 12. Rxa4 Nd7 0-1

[Event "AUTO-INT-264"]
[Site "http://www.queenalice.com/game.php?id=136628"]
[Date "2006.12.3"]
[Round "1"]
[White "Polux"]
[Black "liquid"]
[Result "1-0"]
[WhiteElo "1589"]
[BlackElo "1614"]

1. e4 e5 2. g3 Qf6 3. Bg2 Bc5 4. Nf3 d6 5. O-O Nh6 6. h3 Nc6 7. Nc3 a6 8. Nd5
Qd8 9. d3 f6 10. Bxh6 gxh6 11. Nh4 Ne7 12. Nxf6+ 1-0

[Event "AUTO-INT-264"]
[Site "http://www.queenalice.com/game.php?id=136630"]
[Date "2006.12.3"]
[Round "1"]
[White "juleba"]
[Black "liquid"]
[Result "0-1"]
[WhiteElo "1497"]
[BlackElo "1648"]

1. e4 e5 2. Nf3 Nc6 3. d4 exd4 4. Nxd4 Bc5 5. Nxc6 Qh4 6. g3 Qxe4+ 7. Qe2 Qxe2+
8. Bxe2 dxc6 9. O-O Nf6 10. Bg5 Ne4 11. h4 Bh3 12. Nd2 Bxf1 13. Rxf1 Nxd2 14.
Re1 Ne4 15. Be3 O-O 16. Bf3 Rfe8 17. Bxc5 Nxc5 18. Rxe8+ Rxe8 19. b4 Ne6 20. c4
Nd4 21. Kg2 Re5 22. a4 b6 23. Bg4 Nc2 24. f4 Re4 25. Bd1 Nxb4 26. Kf3 Rxc4 27.
Bb3 Rc3+ 0-1

[Event "AUTO-INT-264"]
[Site "http://www.queenalice.com/game.php?id=136631"]
[Date "2006.12.3"]
[Round "1"]
[White "liquid"]
[Black "CleoGodoy"]
[Result "0-1"]
[WhiteElo "1664"]
[BlackElo "1765"]

1. e4 e5 2. Bc4 Nf6 3. Qf3 Nc6 4. Ne2 Bc5 5. O-O O-O 6. d3 h6 7. a3 d6 8. h3 a6
9. b4 Bd4 10. c3 Bb6 11. Ng3 Be6 0-1

[Event "AUTO-INT-264"]
[Site "http://www.queenalice.com/game.php?id=136632"]
[Date "2006.12.3"]
[Round "1"]
[White "CleoGodoy"]
[Black "liquid"]
[Result "1-0"]
[WhiteElo "1801"]
[BlackElo "1549"]

1. e4 e5 2. Nf3 Qf6 3. Nc3 c6 4. Bc4 b5 5. Bb3 Bc5 6. d3 h6 7. Be3 d6 8. Bxc5
dxc5 9. Ne2 Ne7 10. c3 Bg4 11. Qd2 Bxf3 12. gxf3 Qxf3 13. Rg1 g5 14. O-O-O Qxf2
15. Rgf1 1-0

[Event "Das Scheitern des Haufens"]
[Site "http://www.queenalice.com/game.php?id=137177"]
[Date "2006.12.5"]
[Round "-"]
[White "wolframwuttkefussballgott"]
[Black "liquid"]
[Result "0-1"]
[WhiteElo "1450"]
[BlackElo "1634"]

1. e4 e5 2. Nf3 Qf6 3. Bc4 Qg6 4. O-O Qxe4 5. Bxf7+ Kd8 6. d4 d5 7. Bg5+ Be7 8.
Nc3 Qf5 9. Qd2 Qxf7 10. Rae1 e4 11. Bxe7+ Nxe7 12. Ng5 Qg6 13. f4 h6 14. f5 Nxf5
15. Nh3 Nh4 16. Kf2 Qxg2+ 17. Ke3 Qxh3+ 18. Kf4 Rf8+ 19. Ke5 Qe6# 0-1

[Event "6"]
[Site "http://www.queenalice.com/game.php?id=377902"]
[Date "2008.3.28"]
[Round "-"]
[White "liquid"]
[Black "crashlanding"]
[Result "0-1"]
[WhiteElo "1531"]
[BlackElo "1675"]

1. e4 d6 2. Qf3 Nf6 3. b3 e5 4. Bb2 Be7 5. Nh3 O-O 6. Bc4 Nc6 7. O-O a6 8. a4
Nb4 9. Na3 c5 10. c3 Nc6 11. Rad1 Bg4 0-1

[Event "Nutking"]
[Site "http://www.queenalice.com/game.php?id=378173"]
[Date "2008.3.28"]
[Round "-"]
[White "liquid"]
[Black "JhonDie"]
[Result "0-1"]
[WhiteElo "1531"]
[BlackElo "1772"]

1. e4 c5 2. Nf3 d6 3. Bc4 e5 4. O-O Nf6 5. d3 Be7 6. Nh4 Nxe4 7. dxe4 Bxh4 8. g3
Be7 9. f4 Nc6 10. f5 O-O 11. Qg4 Bf6 12. Nc3 Nd4 13. Rf2 a6 14. Nd5 g5 15. Nb6
Qxb6 16. Bxg5 Bxg5 17. Qxg5+ Kh8 18. f6 Rg8 19. Qh6 Qc7 20. Rd1 Be6 21. Rxd4 Rg6
22. Qh5 cxd4 23. Bxe6 fxe6 0-1